Handbook of Counselling Psychology / The Second Edition is a Developmental Step Forward for Counselling Psychology, where the Discipline's Stance on what Constitutes Science, inquiry and the Nature of Evidence-Based Practice is Clearly Outlined. Essential Reading Material. (Record no. 36)
[ view plain ]
| 000 -LEADER | |
|---|---|
| fixed length control field | 01575cam a22002294a 4500 |
| 005 - ΗΜΕΡΟΜΗΝΙΑ ΚΑΙ ΩΡΑ ΤΕΛΕΥΤΑΙΑΣ ΕΝΗΜΕΡΩΣΗΣ | |
| Πεδίο ελέγχου | 20250605163921.0 |
| 008 - FIXED-LENGTH DATA ELEMENTS--GENERAL INFORMATION | |
| Πεδίο ελέγχου σταθερού μήκους | 250528s ||||||||||||||||||||||||d |
| 035 ## - SYSTEM CONTROL NUMBER | |
| System control number | 14402 |
| 020 ## - ISBN | |
| ISBN | 761972072 |
| 040 ## - ΠΗΓΗ ΚΑΤΑΛΟΓΟΓΡΑΦΗΣΗΣ | |
| Φορέας πρωτότυπης καταλογογράφησης | MC Athens Campus Library |
| Γλώσσα καταλογογράφησης | Ελληνικά, Μοντέρνα (1453-) |
| Modifying agency | MC Athens Campus Library |
| Κανόνες περιγραφικής καταλογογράφησης | AACR2 |
| 245 1# - ΤΙΤΛΟΣ ΚΑΙ ΔΗΛΩΣΗ ΥΠΕΥΘΥΝΟΤΗΤΑΣ | |
| Τίτλος | Handbook of Counselling Psychology / The Second Edition is a Developmental Step Forward for Counselling Psychology, where the Discipline's Stance on what Constitutes Science, inquiry and the Nature of Evidence-Based Practice is Clearly Outlined. Essential Reading Material. |
| 250 ## - EDITION STATEMENT | |
| Edition statement | 2nd |
| 260 ## - PUBLICATION, DISTRIBUTION, ETC. | |
| Name of publisher, distributor, etc. | Sage Publications, |
| Date of publication, distribution, etc. | 2003 |
| 300 ## - PHYSICAL DESCRIPTION | |
| Extent | 709 |
| 520 ## - SUMMARY, ETC. | |
| Summary, etc. | The Definitive guide to the context, theory and practice of contemporary counselling psychology. Acknowledgements, Preface, Setting the Scene, The Nature of Counselling Psychology, Methodology, Qualitative Research Methods in Counselling Psychology, Evaluating Counselling Psychology Practice, Perspectives on Practice, The Psychodynamic Paradigm, The Humanistic Paradigm, The Feminist Paradigm, The Constructivist Paradigm, Psychological Interventions: Developmental Issues, Psychological Counselling of Children and Young People, Psychological Counselling in Mid-Life Issues, Themes and Contexts, Counselling Psychology in Groups, Enhancing Learning Skills, Social and Professional and Ethical Issues, Training and Professional Development in the Context of Counselling Psychology, Index. |
| 700 1# - ΠΡΟΣΘΕΤΗ ΑΝΑΓΡΑΦΗ--ΦΥΣΙΚΟ ΠΡΟΣΩΠΟ | |
| Personal name | Dryden Windy |
| 9 (RLIN) | 48 |
| 700 1# - ΠΡΟΣΘΕΤΗ ΑΝΑΓΡΑΦΗ--ΦΥΣΙΚΟ ΠΡΟΣΩΠΟ | |
| Personal name | Strawbridge Sheelagh |
| 9 (RLIN) | 49 |
| 700 1# - ΠΡΟΣΘΕΤΗ ΑΝΑΓΡΑΦΗ--ΦΥΣΙΚΟ ΠΡΟΣΩΠΟ | |
| Personal name | Woolfe Ray |
| 9 (RLIN) | 50 |
| 942 ## - ADDED ENTRY ELEMENTS (KOHA) | |
| Koha item type | Books |
| Τύπος τεκμηρίου | Βιβλιοθήκη | Τρέχουσα τοποθεσία | Barcode | Αριθμός εισαγωγής | Ημερομηνία απόκτησης | Ταξιθετικό σύμβολο | Αριθμός αντιτύπου | Κατάσταση απόσυρσης | Κατάσταση χαμένου | Κατάσταση κατεστραμμένου | Μη δανεισμός | Σύνολο δανεισμών | Ημερομηνία τελευταίας εμφάνισης | Η τιμή ισχύει από |
|---|---|---|---|---|---|---|---|---|---|---|---|---|---|---|
| Books | MC Athens Campus Library | MC Athens Campus Library | 9780000000354 | 4444 | 05/06/2025 | 158.3 WOO | 2 | 05/06/2025 | 05/06/2025 |